Kdo se to na nás dívá : co prozrazují a tají sochy města Litoměřice /

Hlavní autor: Doskočil, Oldřich, 1946-
Další autoři: Rýva, Pavel
Jazyk: Čeština
Vydáno: Hostivice : Baron, 2013
Vydání: 1. vyd.
Témata:
Fyzický popis: 88 s. : barev. il. ; 31 cm
Knihy
Uloženo v:
LEADER 02057cam a2200553 i 4500
001 nkc20142565402
003 CZ PrNK
005 20160122085026.0
007 ta
008 140221s2013 xr a e 000 0 cze
015 |a cnb002565402 
020 |a 978-80-86914-70-1  |q (váz.) 
035 |a (OCoLC)876342176 
040 |a ABA001  |b cze 
043 |a e-xr---  |b e-xr-us  |2 czenas 
072 7 |a 73  |x Sochařství, keramika, porcelán, umělecké zpracování kovů  |2 Konspekt  |9 21 
080 |a 730.027.1  |2 MRF 
080 |a 730.027  |2 MRF 
080 |a 725.945  |2 MRF 
080 |a 725.94  |2 MRF 
080 |a (437.315)  |2 MRF 
080 |a (048.8)  |2 MRF 
080 |a (084.12)  |2 MRF 
100 1 |a Doskočil, Oldřich,  |d 1946-  |7 jo20000071140  |4 aut 
245 1 0 |a Kdo se to na nás dívá :  |b co prozrazují a tají sochy města Litoměřice /  |c [text Oldřich Doskočil ; fotografie Pavel Rýva] 
250 |a 1. vyd. 
260 |a Hostivice :  |b Baron,  |c 2013 
300 |a 88 s. :  |b barev. il. ;  |c 31 cm 
650 0 7 |a sochy  |7 ph125739  |z Česko  |2 czenas 
650 0 7 |a reliéfy (sochařství)  |7 ph125116  |z Česko  |2 czenas 
650 0 7 |a pomníky  |7 ph115815  |z Česko  |2 czenas 
650 0 7 |a drobná architektura  |7 ph134695  |z Česko  |2 czenas 
650 0 9 |a statues  |z Czechia  |2 eczenas 
650 0 9 |a reliefs (sculpture)  |z Czechia  |2 eczenas 
650 0 9 |a memorials  |z Czechia  |2 eczenas 
650 0 9 |a small architecture  |z Czechia  |2 eczenas 
655 7 |a přehledy  |7 fd133202  |2 czenas 
655 7 |a fotografické publikace  |7 fd132276  |2 czenas 
655 9 |a surveys  |2 eczenas 
655 9 |a photographical works  |2 eczenas 
651 7 |a Litoměřice (Česko)  |7 ge129846  |2 czenas 
651 9 |a Litoměřice (Czechia)  |2 eczenas 
700 1 |a Rýva, Pavel  |7 jo2014809248  |4 pht 
910 2 |a BOA001  |b 4-1322.117 
990 |a BK 
995 |a 01 
991 |b 201403  |c NOV  |e n 
996 6 |b 2610581608  |c 4-1322.117  |l MZK  |r Sklad / do 1 hodiny  |n 0  |p p.v.  |w 001401822  |u 000010  |a 1  |e BOA001  |j MZK50  |s P 
996 7 |b 2610628110  |c 4-1322.117  |l MZK  |r Sklad / do 1 hodiny  |n 4  |p dar  |w 001401822  |u 000020  |a 1  |e BOA001  |j MZK50  |s A